Μυκηναϊκή θρησκεία : ναοί, βωμοί και τέμενη = Mycenaean religion : temples, altars and temenea
Αποθηκεύτηκε σε:
| Κύριος συγγραφέας: | |
|---|---|
| Μορφή: | Βιβλίο |
| Γλώσσα: | Greek English |
| Δημοσίευση: |
Αθήναι :
Γραφείον Δημοσιευμάτων της Ακαδημίας Αθηνών,
1977.
|
| Σειρά: | Πραγματείαι της Ακαδημίας Αθηνών ;
39 |
| Θέματα: | |
| Ετικέτες: |
Προσθήκη ετικέτας
Δεν υπάρχουν, Καταχωρήστε ετικέτα πρώτοι!
|
MARC
| LEADER | 00000cam a2200000 i 4500 | ||
|---|---|---|---|
| 001 | 1/587 | ||
| 008 | 000405s1977 gr | ||| |||| ||gre|| | ||
| 035 | |l 10059714 | ||
| 040 | |a GR-MyUa |b gre |e AACR2 | ||
| 041 | 1 | |a gre |a eng | |
| 082 | 7 | |a 292.08 |2 (22) | |
| 100 | 1 | |a Μυλωνάς, Γεώργιος Ε., |d 1898-1988. | |
| 245 | 1 | 0 | |a Μυκηναϊκή θρησκεία : |b ναοί, βωμοί και τέμενη = Mycenaean religion : temples, altars and temenea / |c υπό Γεωργίου Μυλωνά. |
| 246 | 1 | |i Παράλληλος τίτλος: |a Mycenaean religion : |b temples, altars and temenea | |
| 260 | |a Αθήναι : |b Γραφείον Δημοσιευμάτων της Ακαδημίας Αθηνών, |c 1977. | ||
| 300 | |a 147 σ. : |b εικ. ; |c 28 εκ. | ||
| 490 | 1 | |a (Πραγματείαι της Ακαδημίας Αθηνών ; |v vol.39) | |
| 504 | |a Περιλαμβάνει βιβλιογραφία. | ||
| 651 | 0 | |a Mycenae (Extinct city) |x Religion. | |
| 651 | 0 | |a Mycenae (Extinct city) |x Antiquities. | |
| 830 | 0 | |a Πραγματείαι της Ακαδημίας Αθηνών ; |v 39 | |
| 852 | |a INST |b RHODES |e 20000405 |h 292.08 ΜΥΛ |p 005400013753 |q 005400013753 |t BK |y 0 | ||
| 901 | |a BIBL4-2000-2 | ||
| 922 | |a 4ΕΛΗ |b 200003 |c ΔΩΡΕΑ | ||
| 970 | |z 2000/04/05 | ||